25 najpopularniejszych seriali w historii - Statystyki

Ogólne statystyki
  • Ten quiz został rozwiązany 169 razy
  • Średni wynik to 7 z 25
Statystyki odpowiedzi
Miejsce Status Liczba sezonów Odpowiedź % Poprawnych
1 Trwające 4 Stranger Things
74%
16 Zakończone 5 Breaking Bad
63%
5 Zakończone 5 Money Heist
63%
2 Zakończone 8 Game of Thrones
57%
21 Trwające 3 You
45%
3 Trwające 11 The Walking Dead
43%
6 Trwające 6 Riverdale
41%
9 Zakończone 6 Lucifer
32%
17 Trwające 5 Elite
29%
11 Trwające 3 Sex Education
26%
7 Zakończone 7 The 100
26%
15 Zakończone 6 Vikings
24%
4 Zakończone 4 13 Reasons why
22%
20 Zakończone 8 The Vampire Diares
21%
19 Zakończone 4 Sherlock
20%
13 Trwające 5 Black Mirror
16%
8 Trwające 18 Grey's Anatomy
16%
12 Zakończone 7 Orange Is the New Black
16%
23 Trwające 33 The Simpsons
15%
24 Zakończone 15 Supernatural
11%
18 Zakończone 12 The Big Bang Theory
10%
22 Trwające 10 American Horror Story
9%
14 Zakończone 8 Arrow
7%
10 Trwające 8 The Flash
5%
25 Zakończone 6 How to Get Away with Murder
2%
Nie znaleziono quizów pasujących do podanych kryteriów
Rozkład punktacji
Procent ludzi z każdym wynikiem
Percentyl według liczby udzielonych odpowiedzi
Twoja historia wyników
Nie rozwiązałeś tego quizu